000 00621nam a2200181Ia 4500
008 160114s9999 xx 000 0 und d
020 _a0-439625211
050 _a900
050 _b.Z53e 2005
100 _aZeman, Anne
245 _aEverything you need to know about world history homework /
_cAnne Zeman, Kate Kelly.
260 _aNew York :
_bScholastic Inc.
_c2005
300 _aviii, 135 pages :
_b ill. (some col.), col. maps ;
_c28 cm.
440 _aEverything you need to know about homework series.
500 _a"An Irving Place Press book."
650 _aWorld history--
650 _xJuvenile literature.
999 _c290286
_d290286